=LDR 00000nam 2200000 4500 =001 INLIS000000000045971 =005 20150212130910.0 =006 =007 =008 =020 ##$$a 979.763.601-1 =035 ##$$0010-021500000000531 =040 ##$$a NBPDMAT =082 ##$$a 538.407 6 =090 ##$$a 538.407 6 Mul l =100 ##$$a Muljono =245 ##$$a Listrik magnet penyelesaian soal-soal / Muljono; Sunanto =250 ##$$a Cet. 2 =260 ##$$a Yogyakarta$bAndi$c2006 =300 ##$$a 320 hlm. ; 23 cm =650 ##$$a Elektromagnet =700 ##$$a Sunarto =850 ##$$a NBPDMAT =990 ##$$a 0001/BPAP-NTB/20142015 =990 ##$$a 0001/BPAP-NTB/20142015